Servicio de escolta personal : manual de formación profesional : curso de seguridad y protección /
Contenido: 1) Operativos de protección personal: introducción; 2) Técnicas de observación e información: características y objetivos; 3) Protección integral: amenazas y estrategias; 4) Evaluación de riesgos: planificación y coordinación; 5) Servicio de protección: protección dinámica y estática; 6)...
Guardado en:
| Autor principal: | |
|---|---|
| Formato: | Libro |
| Idioma: | Español |
| Publicado: |
Málaga, España :
Daly,
2016, c2016
|
| Temas: | |
| Etiquetas: |
Sin etiquetas, Sé el primero en etiquetar este registro!
|
MARC
| LEADER | 00000nam^a2200000^a^4500 | ||
|---|---|---|---|
| 001 | 000369578 | ||
| 005 | 20250521000000.0 | ||
| 009 | 20260310115840.123 | ||
| 020 | |a 978-84-96916-14-2 | ||
| 037 | |a Acervo ITESO - Biblioteca | ||
| 041 | |a ESP | ||
| 082 | |a 364. 43 |b QUI | ||
| 100 | |a Quiroga Capovilla, Hugo |e (dir. editorial) | ||
| 245 | 1 | 0 | |a Servicio de escolta personal : |b manual de formación profesional : curso de seguridad y protección / |c Dir. editorial H. Quiroga Capovilla. |
| 264 | 4 | |a Málaga, España : |b Daly, |c 2016, c2016 | |
| 300 | |a 209 p. | ||
| 336 | |a texto |b txt |2 rdacontenido | ||
| 337 | |a sin mediación |b n |2 rdamedio | ||
| 338 | |a volumen |b nc |2 rdasoporte | ||
| 520 | |a Contenido: 1) Operativos de protección personal: introducción; 2) Técnicas de observación e información: características y objetivos; 3) Protección integral: amenazas y estrategias; 4) Evaluación de riesgos: planificación y coordinación; 5) Servicio de protección: protección dinámica y estática; 6) Armas de fuego: principios básicos y fundamentos; 7) El estrés: síntomas y consecuencias. | ||
| 649 | |a XX | ||
| 650 | |a Personal de Seguridad - |x Tema Principal | ||
| 650 | |a Estrés | ||
| 650 | |a Armas de Fuego | ||
| 650 | |a Seguridad Personal - |x Tema Principal | ||
| 650 | |a Seguridad Pública | ||
| 910 | |a Fondo General | ||
| 920 | |a Impresos - Libros | ||
| 930 | |a Colección General | ||
| 905 | |a 101 | ||
| 901 | |a 0500263562 |b IT1 |c ACC |i C150234 |u 20250521 | ||
| 902 | |a https://opac.biblio.iteso.mx/vufind/Record/000369578 | ||